Eva Marie Saint Filmography - Statistics

General Stats
  • This quiz has been taken 25 times
    3 since last reset
  • The average score is 12 of 137
Answer Stats
Type Year Name % Correct
Film 1957 A Hatful of Rain
67%
Film 1962 All Fall Down
67%
Film 2005 Because of Winn-Dixie
67%
Film 1960 Exodus
67%
Film 1966 Grand Prix
67%
Film 1959 North by Northwest
67%
Film 1954 On the Waterfront
67%
Film 1957 Raintree County
67%
Film 1966 The Russians Are Coming, the Russians Are Coming
67%
Film 1965 The Sandpiper
67%
TV Film 1953 The Trip to Bountiful
67%
Theater 1953 The Trip to Bountiful
67%
TV Show 1958, 1966 What's My Line?
67%
Film 1965 36 Hours
33%
Film 1972 Cancel My Reservation
33%
TV Mini-Series 1984 Fatal Vision
33%
Film 2000 I Dreamed of Africa
33%
Film 1986 Nothing in Common
33%
Film 2006 Superman Returns
33%
TV Show 2012-2014 The Legend of Korra
33%
TV Mini-Series 1996 Titanic
33%
Film 2014 Winter's Tale
33%
TV Film 1964 A Carol for Another Christmas
0%
TV Film 1947 A Christmas Carol
0%
TV Film 1978 A Christmas to Remember
0%
TV Show 1949, 1950 Actor's Studio
0%
TV Special 1984 AFI Life Achievement Award: A Tribute to Lillian Gish
0%
TV Special 2008 AFI Life Achievement Award: A Tribute to Warren Beatty
0%
TV Film 1996 After Jimmy
0%
Documentary Series 1995 American Cinema
0%
Documentary Series 1988 American Masters
0%
Documentary Series 2004 American Masters
0%
Public Service Announcement 1959 A Special Message from Eva Marie Saint
0%
TV Mini-Series 1986 A Year in the Life
0%
Documentary Series 1995 Biography
0%
TV Show 1964 Bob Hope Presents the Chrysler Theatre
0%
TV Show 1953 Bonino
0%
TV Film 1987 Breaking Home Ties
0%
Documentary 2021 Broadway: Beyond the Golden Age
0%
Documentary 2003 Broadway: The Golden Age, by the Legends Who Were There
0%
TV Show 1950 Buck Rogers
0%
TV Show 1946-1947 Campus Hoopla
0%
Theater 1977 Candida
0%
TV Documentary 1988 Cary Grant: A Celebration of a Leading Man
0%
TV Show 1951 Cavalcade of Stars
0%
TV Film 1991 Danielle Steel's 'Palomino'
0%
Documentary Series 2004 Dateline NBC
0%
Theater 1994 Death of a Salesman
0%
Theater 1974 Desire Under the Elms
0%
Short Documentary 2000 Destination Hitchcock: The Making of 'North by Northwest'
0%
TV Show 1977 Dinah!
0%
Film 2005 Don't Come Knocking
0%
Theater 1982-1983 Duet for One
0%
Documentary 2009 East Wind West Wind - Pearl Buck, the Woman Who Embraced the World
0%
Documentary Series 1999 E! True Hollywood Story
0%
TV Documentary 2014 Eva Marie Saint: Live from the TCM Classic Film Festival
0%
TV Show 1953 Eye Witness
0%
Theater 1978-1979 First Monday in October
0%
TV Show 1999 Frasier
0%
TV Documentary 2007 Fred Zinnemann - Der Mann, der 'High Noon' machte
0%
TV Show 1954 General Electric Theater
0%
TV Show 1954 GE True
0%
TV Show 1953, 1954 Goodyear Television Playhouse
0%
TV Special 1987 Happy 100th Birthday, Hollywood
0%
Documentary Series 2006 Hollywood Greats
0%
TV Documentary 2004 Hollywood Legenden
0%
TV Show 1976-1977 How the West Was Won
0%
TV Film 1988 I'll Be Home for Christmas
0%
TV Show 1959 I've Got a Secret
0%
TV Film 1999 Jackie's Back!
0%
TV Film 1983 Jane Doe
0%
TV Film 1993 Kiss of a Killer
0%
TV Show 1948 Kraft Theatre
0%
TV Special 1993 Legend to Legend Night: A Celebrity Cavalcade
0%
TV Show 1949 Lights Out
0%
TV Film 1984 Love Leads the Way: A True Story
0%
Theater 2001 Love Letters
0%
Film 1970 Loving
0%
TV Film 1983 Malibu
0%
TV Show 1953 Man Against Crime
0%
Film 2019 Mariette in Ecstasy
0%
TV Show 1953 Martin Kane
0%
TV Show 1986-1988 Moonlighting
0%
TV Special 1987 Moving Image Salutes Elia Kazan
0%
TV Film 1995 My Antonia
0%
TV Show 1954 Omnibus
0%
TV Show 1950-1952 One Man's Family
0%
Theater 2009 On the Divide
0%
TV Film 2003 Open House
0%
Short Documentary 1957 Operation Raintree
0%
TV Film 2000 Papa's Angels
0%
TV Film 1990 People Like Us
0%
Documentary Series 1954 Person to Person
0%
TV Show 1954 Ponds Theater
0%
TV Documentary 1991 Primary Colors: The Story of Corita
0%
TV Show 1955 Producers' Showcase
0%
TV Show 1950 Prudential Family Playhouse
0%
Podcast 2022 Radio Play Revival
0%
TV Film 1981 Splendor in the Grass
0%
TV Show 1949, 1950, 1953 Studio One
0%
Theater 1973 Summer and Smoke
0%
TV Show 1949 Suspense
0%
TV Film 1978 Taxi!!!
0%
Film 1956 That Certain Feeling
0%
TV Film 1981 The Best Little Girl in the World
0%
TV Show 1948 The Chevrolet Tele-Theatre
0%
TV Show 1949, 1950 The Clock
0%
Theater 1986 The Country Girl
0%
TV Film 1980 The Curse of King Tut's Tomb
0%
TV Show 1957 The Ed Sullivan Show
0%
TV Film 1976 The Fatal Weakness
0%
Theater 1976-1977 The Fatal Weakness
0%
TV Film 1974 The First Woman President
0%
TV Special 1982 The Kennedy Center Honors: A Celebration of the Performing Arts
0%
TV Film 1986 The Last Days of Patton
0%
Theater 1972 The Lincoln Mask
0%
TV Show 1983 The Love Boat
0%
TV Film 1976 The Macahans
0%
TV Show 1974, 1978 The Mike Douglas Show
0%
Documentary Mini-Series 2019 The Movies
0%
Podcast 2020, 2021 The Pack Podcast
0%
TV Show 1953-1954 The Philco Television Playhouse
0%
TV Show 1953 The Plymouth Playhouse
0%
TV Special 1988 The Princess Grace Foundation Special Gala Tribute to Cary Grant
0%
Theater 1955 The Rainmaker
0%
TV Show 1955 The Red Skelton Hour
0%
TV Show 1953 The Revlon Mirror Theater
0%
Film 1968 The Stalking Moon
0%
TV Show 1966-1990 The Tonight Show Starring Johnny Carson
0%
TV Show 1953 The Web
0%
Short Film 1947 This Is the Life
0%
TV Film 1997 Time to Say Goodbye?
0%
Theater 2005 Touch the Names
0%
TV Show 1949-1950 Versatile Varieties
0%
TV Film 1990 Voyage of Terror: The Achille Lauro Affair
0%
TV Film 1979 When Hell Was in Session
0%
Theater 1971 Winesburg, Ohio
0%
No matching quizzes found
Score Distribution
Percent of People with Each Score
Percentile by Number Answered
Your Score History
You have not taken this quiz since the last reset